امبر بيل / (Record no. 26817)
[ view plain ]
| 000 -LEADER | |
|---|---|
| fixed length control field | 01705nam a22003137a 4500 |
| 005 - DATE AND TIME OF LATEST TRANSACTION | |
| control field | 20200316145648.0 |
| 010 ## - LCCN (DPL NO) | |
| LC control number | B-327598-609 |
| 020 ## - INTERNATIONAL STANDARD BOOK NUMBER | |
| International Standard Book Number | 8189369555(V.I) |
| Terms of availability | 360.00 (each V.) |
| 020 ## - INTERNATIONAL STANDARD BOOK NUMBER | |
| International Standard Book Number | 8189369563(V.II) |
| Terms of availability | 360.00 (each V.) |
| 020 ## - INTERNATIONAL STANDARD BOOK NUMBER | |
| International Standard Book Number | 8189369571(V.III) |
| Terms of availability | 360.00 (each V) |
| 020 ## - INTERNATIONAL STANDARD BOOK NUMBER | |
| International Standard Book Number | 818936958X(V.IV) |
| Terms of availability | 360.00 (each V.) |
| 035 ## - SYSTEM CONTROL NUMBER | |
| System control number | B-327598-600 (V.I) |
| 035 ## - SYSTEM CONTROL NUMBER | |
| System control number | B-327601-603 (V.II) |
| 035 ## - SYSTEM CONTROL NUMBER | |
| System control number | B-327604-606 (V. III) |
| 035 ## - SYSTEM CONTROL NUMBER | |
| System control number | B-327607-609 (V.IV) |
| 037 ## - SOURCE OF ACQUISITION | |
| Source of stock number/acquisition | آہلوواليہ بکڈپو |
| 082 ## - DEWEY DECIMAL CLASSIFICATION NUMBER | |
| Classification number | ن |
| 100 ## - MAIN ENTRY--PERSONAL NAME | |
| Personal name | صدّيقی ، انوار |
| 245 ## - TITLE STATEMENT | |
| Title | امبر بيل / |
| Statement of responsibility, etc | انوار صدّيقی |
| 246 ## - VARYING FORM OF TITLE | |
| Title proper/short title | Ambarbel / |
| Remainder of title | by Anwar Siddiqui |
| 260 ## - PUBLICATION, DISTRIBUTION, ETC. (IMPRINT) | |
| Place of publication, distribution, etc | دلّی |
| Name of publisher, distributor, etc | کتاب والا |
| Date of publication, distribution, etc | 2008 ء |
| 270 ## - ADDRESS | |
| Address | 2794, Gali Jhot Wali, Pahari Bhojla |
| City | Delhi |
| Postal code | 110006 |
| Telephone number | 23281499,23240379,9810277298 |
| 300 ## - PHYSICAL DESCRIPTION | |
| Extent | 4V.(400,408,400,384)p. |
| Dimensions | 19cm(Hb) |
| 942 ## - ADDED ENTRY ELEMENTS (KOHA) | |
| Source of classification or shelving scheme | Dewey Decimal Classification |
| Item type | Urdu Bks |
| Classification part | ن |
| Call number suffix | ص د ی |
| Withdrawn status | Lost status | Materials specified (bound volume or other part) | Not for loan | Collection code | Home library | Current library | Date acquired | Source of acquisition | Cost, normal purchase price | Full call number | Barcode | Copy number | Cost, replacement price | Koha item type | Public note |
|---|---|---|---|---|---|---|---|---|---|---|---|---|---|---|---|
| v.1 | Fiction | Central Library | Central Library | 26/05/2009 | Ahluwalia Book Depot /194/08/21.03.09/4:25/13.03.09/09.04.09 | 360.00 | ن ص د ی | B-327598 | 1 | 360.00 | Urdu Bks | v.1 | |||
| v.2 | Fiction | Central Library | Central Library | 26/05/2009 | Ahluwalia Book Depot /194/08/21.03.09/4:25/13.03.09/09.04.09 | 360.00 | ن ص د ی | B-327601 | 1 | 360.00 | Urdu Bks | v.2 | |||
| Withdrawn | v.3 | Fiction | Central Library | Central Library | 26/05/2009 | Ahluwalia Book Depot /194/08/21.03.09/4:25/13.03.09/09.04.09 | 360.00 | ن ص د ی | B-327604 | 1 | 360.00 | Urdu Bks | v.3 | ||
| Withdrawn | v.4 | Fiction | Central Library | Central Library | 26/05/2009 | Ahluwalia Book Depot /194/08/21.03.09/4:25/13.03.09/09.04.09 | 360.00 | ن ص د ی | B-327607 | 1 | 360.00 | Urdu Bks | v.4 | ||
| v.1 | Fiction | R.C.Libraries (BL-IV) | R.C.Libraries (BL-IV) | 26/05/2009 | Ahluwalia Book Depot /194/08/21.03.09/4:25/13.03.09/09.04.09 | 360.00 | ن ص د ی | B-327600 | 1 | 360.00 | Urdu Bks | v.1 | |||
| v.2 | Fiction | R.C.Libraries (BL-IV) | R.C.Libraries (BL-IV) | 26/05/2009 | Ahluwalia Book Depot /194/08/21.03.09/4:25/13.03.09/09.04.09 | 360.00 | ن ص د ی | B-327603 | 1 | 360.00 | Urdu Bks | v.2 | |||
| v.3 | Fiction | R.C.Libraries (BL-IV) | R.C.Libraries (BL-IV) | 26/05/2009 | Ahluwalia Book Depot /194/08/21.03.09/4:25/13.03.09/09.04.09 | 360.00 | ن ص د ی | B-327606 | 1 | 360.00 | Urdu Bks | v.3 | |||
| v.4 | Fiction | R.C.Libraries (BL-IV) | R.C.Libraries (BL-IV) | 26/05/2009 | Ahluwalia Book Depot /194/08/21.03.09/4:25/13.03.09/09.04.09 | 360.00 | ن ص د ی | B-327609 | 1 | 360.00 | Urdu Bks | v.4 | |||
| v.1 | Fiction | Sriniwas Puri | Sriniwas Puri | 26/05/2009 | Ahluwalia Book Depot /194/08/21.03.09/4:25/13.03.09/09.04.09 | 360.00 | ن ص د ی | B-327599 | 1 | 360.00 | Urdu Bks | v.1 | |||
| Written-off vide DLB M. No. 383 dt 16.05.19 | v.2 | Fiction | Sriniwas Puri | Sriniwas Puri | 26/05/2009 | Ahluwalia Book Depot /194/08/21.03.09/4:25/13.03.09/09.04.09 | 360.00 | ن ص د ی | B-327602 | 1 | 360.00 | Urdu Bks | v.2 | ||
| v.3 | Fiction | Sriniwas Puri | Sriniwas Puri | 26/05/2009 | Ahluwalia Book Depot /194/08/21.03.09/4:25/13.03.09/09.04.09 | 360.00 | ن ص د ی | B-327605 | 1 | 360.00 | Urdu Bks | v.3 | |||
| v.4 | Fiction | Sriniwas Puri | Sriniwas Puri | 26/05/2009 | Ahluwalia Book Depot /194/08/21.03.09/4:25/13.03.09/09.04.09 | 360.00 | ن ص د ی | B-327608 | 1 | 360.00 | Urdu Bks | v.4 |
